| 000 | 01587nam a2200277 i 4500 | ||
|---|---|---|---|
| 003 | DO-SdBNP | ||
| 005 | 20250404103612.0 | ||
| 007 | ta | ||
| 008 | 250404t2024 dr 00| ||spa d | ||
| 020 | _z9789945484717 | ||
| 040 |
_aDO-SdBNP _bspa _cBNPHU _erda |
||
| 082 |
_axxx _bR788 _222 |
||
| 100 | 1 |
_aRosa, Nicanor de la, _d1951- _eautor _4aut. _943297 |
|
| 245 | 1 | 0 |
_aFrente a la vida / _cNicanor de la Rosa |
| 264 |
_aSanto Domingo : _bFLAM, _c2024. |
||
| 300 |
_a102 páginas _c23 cm. |
||
| 336 |
_atexto _btxt _2rdacontent |
||
| 337 |
_asin mediación _bn _2rdamedia |
||
| 338 |
_avolumen _bnc _2rdacarrier |
||
| 500 | _aIncluye datos biográficos del autor en las solapas. | ||
| 520 | _a«Frente a la vida» es un reflejo de la cotidianidad con que el hombre rural percibe hechos predestinados que, aunque insólitos, siempre son un reflejo de sus propias emociones y deseos, lo que nos lleva a pensar que la vorágine urbana en la que eventualmente pasa a vivir este mismo hombre es simplemente una extensión de lo que dejó atrás y anhela recuperar. Esta compilación de 20 cuentos del escritor Nicanor de la Rosa está cargada de emociones, presentando personajes cuyas vidas están marcadas por una repetición de muertes físicas, morales y sentimentales. En sus sueños, estos personajes ven cómo se va sepultando aquello que los hace humanos, aceptando que no vale la pena regresar, y así se pierden en su existencia. | ||
| 590 | _aInventariado, 2025/ YL | ||
| 710 |
_aFundación Literaria Aníbal Montaño (FLAM) _972768 |
||
| 910 | _aYLockward | ||
| 942 |
_2ddc _cLBS1 |
||
| 999 |
_c58615 _d58615 |
||